000 01754nas a22003497a 4500
005 20250423163624.0
007 cr
008 250211c1923 fr |||p| |||| 00| 0 eng d
022 _a1252607X (impresa)
022 _a17761042 (en línea)
040 _cAR-FvUNAJ
245 1 0 _aParasite /
_cSociété française de parasitologie
260 _aLes Ulis (Francia) :
_bEDP Sciences,
_c1923 -
300 _aImpresa y digital
362 _aVol. 1, No. 1 (1923) -
500 _aLos articulos son publicados en inglés.
650 2 7 _2decs
_92074
_aPARASITOLOGIA
650 2 7 _2decs
_921119
_aHELMINTOS
650 2 7 _2decs
_94906
_aMEDICINA
650 2 7 _2decs
_96394
_aMEDICINA VETERINARIA
650 2 7 _2decs
_921121
_aENTOMOLOGÍA
650 2 7 _2decs
_98899
_aINVESTIGACIÓN BIOMÉDICA
650 2 7 _2decs
_9150
_aEPIDEMIOLOGIA
710 1 _921184
_aSociété française de parasitologie
856 4 1 _uhttps://www.parasite-journal.org/
856 4 1 _uhttps://www.parasite-journal.org/articles/parasite/pdf/1996/01/parasite1996031p33.pdf
_zADDITIONAL OBSERVATIONS ON THE DEVELOPMENT AND TRANSMISSION OF truttaedactnitis PYBUSAE ANDERSON, 1992 (SEURATOIDEA: CUCULLANIDAE) OF THE BROOK LAMPREY, LAMPETRA APPENDIX (DEKAY, 1842)
856 4 1 _uhttps://www.parasite-journal.org/articles/parasite/pdf/1996/04/parasite1996034p367.pdf
_zMORPHOGENESIS OF CONTRACAECUM RUDOLPHII (NEMATODA: ASCARIDOIDEA), A PARASITE OF FISH-EATING BIRDS, IN ITS COPEPOD PRECURSOR AND FISH INTERMEDIATE HOSTS
856 4 1 _uhttps://www.parasite-journal.org/articles/parasite/pdf/1939/01/parasite1939-1940171p21.pdf
_zNotes sur quelques nématodes de l’Indochine française
869 _a----
942 _2ddc
_cURL
980 _619227
_aLeticia Ana Abalos
_819227
_gLeticia Ana Abalos
999 _c10660
_d10660